000 00448nam a22001457a 4500
005 20240523125629.0
008 240523b |||||||| |||| 00| 0 eng d
082 _bAKR-I
100 _aDr.Mian Muhammad Akram
245 _aIntroduction to Business Ethics/
_cDr.Mian Muhammad Akram
260 _aLahore;
_bIlmi Kitan Khana;
_c2015
300 _a123p.:
_c22.9 cm.
650 _a/Philosophy and Psychology/Business and Professional Ethics
999 _c35809
_d35809